The Cambridge history of English literature / (Record no. 18070)
[ view plain ]
| 000 -LEADER | |
|---|---|
| fixed length control field | 01020cam a22003011 4500 |
| 001 - CONTROL NUMBER | |
| control field | 18070 |
| 003 - CONTROL NUMBER IDENTIFIER | |
| rucl marc code | BD-RjUL |
| 005 - DATE AND TIME OF LATEST TRANSACTION | |
| control field | 20211209000231.0 |
| 008 - FIXED-LENGTH DATA ELEMENTS--GENERAL INFORMATION | |
| fixed length control field | 140219s1952 xx 000 0 eng |
| 035 ## - SYSTEM CONTROL NUMBER | |
| System control number | (BD-RjUL)18128 |
| System control number | (OCoLC)691271 |
| 040 ## - CATALOGING SOURCE | |
| Original cataloging agency | DLC |
| Transcribing agency | OKentU |
| Modifying agency | DLC |
| Language of cataloging | eng |
| 041 ## - LANGUAGE CODE | |
| Language code of text/sound track or separate title | eng |
| 082 ## - DEWEY DECIMAL CLASSIFICATION NUMBER | |
| Classification number | 820.9 |
| Author mark and year | CAM 1952 |
| 245 04 - TITLE STATEMENT | |
| Title | The Cambridge history of English literature / |
| Statement of responsibility, etc. | edited by A. W. Ward ... and A. R. Waller. |
| Number of part/section of a work | V-10 |
| 260 ## - PUBLICATION, DISTRIBUTION, ETC. (IMPRINT) | |
| Place of publication, distribution, etc. | Cambridge [Eng.] : |
| Name of publisher, distributor, etc. | The University press, |
| Date of publication, distribution, etc. | 1952. |
| 300 ## - PHYSICAL DESCRIPTION | |
| Pagination | 410 p. ; |
| Size | 23 cm. |
| 500 ## - GENERAL NOTE | |
| General note | First published 1907. |
| General note | "Cheap edition (text only) 1932." |
| 650 #0 - SUBJECT ADDED ENTRY--TOPICAL TERM | |
| Topical term or geographic name as entry element | English literature |
| General subdivision | History and criticism. |
| 9 (RLIN) | 52967 |
| Topical term or geographic name as entry element | English literature |
| General subdivision | Bibliography. |
| 9 (RLIN) | 55684 |
| 651 #0 - SUBJECT ADDED ENTRY--GEOGRAPHIC NAME | |
| Geographic name | Great Britain |
| General subdivision | Intellectual life. |
| 9 (RLIN) | 55685 |
| 700 1# - ADDED ENTRY--PERSONAL NAME | |
| Personal name | Ward, Adolphus William, |
| Dates associated with a name | 1837-1924, |
| Relator term | ed. |
| Personal name | Waller, A. R. |
| Fuller form of name | (Alfred Rayney), |
| Dates associated with a name | 1867-1922. |
| 942 ## - ADDED ENTRY ELEMENTS (KOHA) | |
| Source of classification or shelving scheme | Dewey Decimal Classification |
| Koha item type | Books |
| Lost status | Source of classification or shelving scheme | Damaged status | Not for loan | Collection code | Permanent Location | Current Location | Shelving location | Date acquired | Source of acquisition | Cost, normal purchase price | Total Checkouts | Full call number | Date last seen | Copy number | Koha item type | Materials specified (bound volume or other part) |
|---|---|---|---|---|---|---|---|---|---|---|---|---|---|---|---|---|
| Dewey Decimal Classification | Not For Loan | Fiction | Central Library, University of Rajshahi | Central Library, University of Rajshahi | Reading Room | 23/02/1955 | W B C | 9.60 | 820.9 CAM V-10 1952 | 19/02/2014 | C-1 | Books | ||||
| Dewey Decimal Classification | Fiction | Central Library, University of Rajshahi | Central Library, University of Rajshahi | 19/10/1973 | Jionat Book Centre | 120.00 | 820.9 CAM 1964 | 22/02/2014 | C-2 | Books | V-10 | |||||
| Dewey Decimal Classification | Non-fiction | Central Library, University of Rajshahi | Central Library, University of Rajshahi | 07/05/1954 | W.B.C | 9.60 | 820.9 CAM V-6 1950 | 13/02/2017 | C-3 | Books |